000 00520nam a2200193 a 4500
001 1770285653312
003 YourLibrary
005 20260205153744.0
008 260205s2009##################000#0#eng##
020 _a9781933115696
082 0 4 _a333.33096HOL
100 1 _aHolden, Stein Terje,
_eauthor.
245 1 0 _aThe Emergence of Land Markets in Africa :
260 _bRoutledge,
_c2009.
300 _a337 pages
650 0 _aBusiness & Economics.
942 _cENGLISH
040 _aYourLibrary
_beng
_cYourLibrary
999 _c610515
_d610515